书目信息 |
| 题名: |
计算机操作系统
|
|
| 作者: | 王育勤 , 谢余强 , 汪淼 编著 | |
| 分册: | ||
| 出版信息: | 北京 清华大学出版社 2004.04 |
|
| 页数: | 300页 | |
| 开本: | 26cm | |
| 丛书名: | 21世纪高等学校电子信息类专业规划教材 | |
| 单 册: | ||
| 中图分类: | TP316.8 | |
| 科图分类: | ||
| 主题词: | UNIX操作系统--高等学校--教材 | |
| 电子资源: | ||
| ISBN: | 7-81082-107-5 | |
| 000 | 01068nam 2200277 450 | |
| 001 | 0151590033 | |
| 005 | 20051018103820.91 | |
| 010 | @a7-81082-107-5@dCNY26.00 | |
| 100 | @a20050404d2004 km y0chiy0120 ea | |
| 101 | 0 | @achi |
| 102 | @aCN@b110000 | |
| 105 | @ay z 000yy | |
| 200 | 1 | @a计算机操作系统@Aji suan ji cao zuo xi tong@e基于UNIX系统V核心@f王育勤, 谢余强, 汪淼编著@Fwang yu qin,xie yu qiang,wang miao bian zhu |
| 210 | @a北京@c清华大学出版社@c北京交通大学出版社@d2004.04 | |
| 215 | @a300页@d26cm | |
| 225 | 2 | @a21世纪高等学校电子信息类专业规划教材 |
| 330 | @a本书重点介绍操作系统的一般原理与实施技术,以UNIX系统为例介绍其基本概念与服务功能、系统的安装、应用及其网络与通信等。 | |
| 410 | 0 | @12001 @a21世纪高等学校电子信息类专业规划教材 |
| 517 | 1 | @a基于UNIX系统V核心@Aji yu UNIX xi tong V he xin |
| 606 | 0 | @aUNIX操作系统@x高等学校@x教材 |
| 690 | @aTP316.8@v4 | |
| 701 | 0 | @a王育勤@Awang yu qin@4编著 |
| 701 | 0 | @a谢余强@Axie yu qiang@4编著 |
| 701 | 0 | @a汪淼@Awang miao@4编著 |
| 801 | 0 | @aCN@bQSSK@c20051018 |
| 905 | @a10447@dTP316.8@eW445 | |
| 计算机操作系统:基于UNIX系统V核心/王育勤, 谢余强, 汪淼编著.-北京:清华大学出版社:北京交通大学出版社,2004.04 |
| 300页;26cm.-(21世纪高等学校电子信息类专业规划教材) |
| ISBN 7-81082-107-5:CNY26.00 |
| 本书重点介绍操作系统的一般原理与实施技术,以UNIX系统为例介绍其基本概念与服务功能、系统的安装、应用及其网络与通信等。 |
| ● |
| 相关链接 |
|
|
|
正题名:计算机操作系统
索取号:TP316.8/W445
 
预约/预借
| 序号 | 登录号 | 条形码 | 馆藏地/架位号 | 状态 | 备注 |
| 1 | 571249 | 205712497 | 自科库301/301自科库 58排1列1层/ [索取号:TP316.8/W445] | 在馆 | |
| 2 | 571250 | 205712503 | 期刊室512/301自科库 82排2列3层/ [索取号:TP316.8/W445] | 在馆 | |
| 3 | 571251 | 205712512 | 自科二线404/301自科库 82排2列3层/ [索取号:TP316.8/W445] | 在馆 |